| 000 | 01253nam0a2200313 i 4500 | ||
|---|---|---|---|
| 001 | RU\NLR\BIBL_A\011308298 | ||
| 005 | 20260406145622.0 | ||
| 010 |
_a9785090447904 _92000 |
||
| 021 |
_aRU _b2016-98854 _96576 |
||
| 035 | _a(NLR Aleph) 011308298 | ||
| 090 |
_a11008367 _c11008367 |
||
| 100 | _a20170113d2016 e y0rusy50 ca | ||
| 101 | 0 | _arus | |
| 102 | _aRU | ||
| 105 | _aa|||j||||01zy | ||
| 200 | 1 |
_aИнформатика _e11 класс _eучебник для общеобразовательных организаций _eбазовый и углубленный уровни _fА. Г. Гейн, А. И. Сенокосов |
|
| 205 | _a2-е изд. | ||
| 210 |
_aМосква _cПросвещение _d2016 |
||
| 215 |
_a336 с. _cил. _d22 |
||
| 225 | 1 | _aФГОС | |
| 313 | _aПо пред.изд. 2014г | ||
| 606 |
_aИнформатика _jУчебники для средней школы _92081274 _3RU\NLR\AUTH\661257251 |
||
| 686 | 1 | _aЗ973.233я721-1 | |
| 700 | 1 |
_8rus _7ca _aГейн _f1950- _bА. Г. _gАлександр Георгиевич _3RU\NLR\AUTH\774732 _9114709 |
|
| 701 | 1 |
_aСенокосов _bА. И. _gАлександр Иванович |
|
| 942 | _cBOOK | ||
| 980 | _aNBR | ||